Magic Ladakh: (Record no. 57164)

MARC details
000 -LEADER
fixed length control field 00853nam a22002177a 4500
005 - DATE AND TIME OF LATEST TRANSACTION
control field 20110929114858.0
010 ## - LCCN (DPL NO)
LC control number G-001631
020 ## - INTERNATIONAL STANDARD BOOK NUMBER
Terms of availability 595.00
International Standard Book Number 9788183390804
035 1d - SYSTEM CONTROL NUMBER
System control number G-001631
037 ## - SOURCE OF ACQUISITION
Source of stock number/acquisition Gift
082 ## - DEWEY DECIMAL CLASSIFICATION NUMBER
Classification number 954.11
100 ## - MAIN ENTRY--PERSONAL NAME
Personal name Ganpat
245 E# - TITLE STATEMENT
Title Magic Ladakh:
Statement of responsibility, etc by Ganpat [and] M.L.A. Gompertz
Remainder of title an intimate picture of a land of tosy-turvy customas & great natural beauty /
260 ## - PUBLICATION, DISTRIBUTION, ETC. (IMPRINT)
Place of publication, distribution, etc Shrnagar
Name of publisher, distributor, etc Gulshan Books
Date of publication, distribution, etc 2009
270 ## - ADDRESS
Address Residency Road,
City Srinagar
Postal code 190001
300 ## - PHYSICAL DESCRIPTION
Extent 188p.
Dimensions 24cm(Hb)
Other physical details b&w photos
700 ## - ADDED ENTRY--PERSONAL NAME
Personal name Gompertz, M.L.A.
9 (RLIN) 35047
942 ## - ADDED ENTRY ELEMENTS (KOHA)
Source of classification or shelving scheme Dewey Decimal Classification
Item type English Books
Classification part 954.11
Call number suffix GAN
Holdings
Withdrawn status Lost status Not for loan Collection code Home library Current library Date acquired Source of acquisition Cost, normal purchase price Full call number Barcode Copy number Cost, replacement price Koha item type
      Non-fiction Janak Puri Janak Puri 29/09/2011 gift 595.00 954.11 GAN G-001631 1 595.00 English Books

© Delhi Public Library
Hit Counter
free hit counter